Statistics for AFL Premiers

Click here to take the quiz!

General Stats

  • This quiz has been taken 2,816 times
  • The average score is 31 of 32

Answer Stats

Year Team % Correct
1990Collingwood
99%
2010Collingwood
99%
1991Hawthorn
98%
1992West Coast
98%
1994West Coast
98%
2011Geelong
98%
1989Hawthorn
98%
1983Hawthorn
98%
1988Hawthorn
98%
2008Hawthorn
98%
2009Geelong
98%
1986Hawthorn
98%
2007Geelong
98%
2005Sydney
98%
2006West Coast
98%
1993Essendon
96%
2000Essendon
96%
2003Brisbane Lions
96%
2004Port Adelaide
96%
2002Brisbane Lions
96%
2001Brisbane Lions
96%
1985Essendon
96%
1984Essendon
96%
1987Carlton
95%
1997Adelaide
95%
1981Carlton
95%
1998Adelaide
95%
1982Carlton
95%
1995Carlton
95%
1996North Melbourne
94%
1999North Melbourne
94%
1980Richmond
91%

Score Distribution

Percentile by Number Answered

Percent of People with Each Score

Your Score History

You have not taken this quiz